| 000 | 00446nam a22001577a 4500 | ||
|---|---|---|---|
| 005 | 20251108172539.0 | ||
| 008 | 250721s1993 xx 000 0 ara d | ||
| 082 | 1 | 4 | _a904.7نحا |
| 100 | 1 | _aنحاس، إقتباس | |
| 245 | 1 | 0 | _aأعظم الأخطاء في التاريخ / |
| 264 | 1 |
_aطرابلس : _bجروس برس، _c1993. |
|
| 300 | _a192 ص. | ||
| 650 | 1 | 7 | _aالأحداث التاريخية |
| 942 |
_2ddc _cBK |
||
| 999 |
_c82191 _d82191 |
||